| 000 | 00585nam a2200193Ia 4500 | ||
|---|---|---|---|
| 008 | 131103s9999 xx 000 0 und d | ||
| 020 | _cRs.60.00 | ||
| 040 | _aLoreto College | ||
| 041 | _aEnglish | ||
| 082 |
_a891.44(J)/VIS _bLCLIB/50024 |
||
| 245 |
_aViswa Bharati patrika _b July-September 2012 _cEdited by Amitrasudan Bhattacharya |
||
| 260 |
_aKolkata _bViswa Bharati Granthanbibhag _c2012 |
||
| 300 |
_a104p _c 22cm |
||
| 504 | _aSraban-Ashshin 1419 | ||
| 650 | _aBengali journal | ||
| 700 | _aBhattacharya,Amitrasudan,ed. | ||
| 850 | _aLCLIB/891.44(J)/VIS | ||
| 942 | _cBK | ||
| 999 |
_c38652 _d89131 |
||